Pre-Columbian Art (Record no. 10044)

MARC details
000 -CABECERA
campo de control de longitud fija 01567nam a2200373 a 4500
001 - NÚMERO DE CONTROL
campo de control BRL_1232
005 - FECHA Y HORA DE LA ÚLTIMA TRANSACCIÓN
campo de control 20190320211111.0
008 - DATOS DE LONGITUD FIJA--INFORMACIÓN GENERAL
campo de control de longitud fija 031213s1957----enkab#####---#000-0#eng-#
041 ## - CÓDIGO DE LENGUA
Código de lengua del texto/banda sonora o título independiente eng
044 ## - CÓDIGO DEL PAÍS DE LA ENTIDAD EDITORA/PRODUCTORA
Código MARC del país enk
050 #4 - SIGNATURA TOPOGRÁFICA DE LA BIBLIOTECA DEL CONGRESO
Número de clasificación E59.A7
Número de documento/Ítem .B55 1957
100 1# - ENTRADA PRINCIPAL--NOMBRE DE PERSONA
Nombre de persona Bliss, Robert Woods
Fechas asociadas al nombre 1875-1962
9 (RLIN) 26195
245 10 - MENCIÓN DE TÍTULO
Título Pre-Columbian Art
Mención de responsabilidad, etc. Text and Critical Analyses by S.K. Lothrop, W.F. Foshag, Joy Mahler.
260 ## - PUBLICACIÓN, DISTRIBUCIÓN, ETC.
Lugar de publicación, distribución, etc. London
Nombre del editor, distribuidor, etc. Phaidon Press
Fecha de publicación, distribución, etc. 1957
300 ## - DESCRIPCIÓN FÍSICA
Extensión 285 p.
Otras características físicas il. (algunas a color), mapas
Dimensiones 34 cm.
440 #0 - MENCIÓN DE SERIE/PUNTO DE ACCESO ADICIONAL--TÍTULO
Título Robert Woods Bliss Collection
9 (RLIN) 26196
500 ## - NOTA GENERAL
Nota general Au1431
500 ## - NOTA GENERAL
Nota general A la cabeza de la portada: Robert Woods Bliss Collection
500 ## - NOTA GENERAL
Nota general Catálogo de la colección que ahora está en the National Gallery of Art
600 14 - PUNTO DE ACCESO ADICIONAL DE MATERIA--NOMBRE DE PERSONA
Nombre de persona Bliss, Robert Woods
Fechas asociadas al nombre 1875-1962
Subdivisión de forma Catálogos
Subdivisión general Colecciones de arte
9 (RLIN) 26197
600 14 - PUNTO DE ACCESO ADICIONAL DE MATERIA--NOMBRE DE PERSONA
Nombre de persona Lothrop, S. K.
Fechas asociadas al nombre 1892-1965
Forma completa/desarrollada del nombre (Samuel Kirkland)
Subdivisión de forma Catálogos
Subdivisión general Colecciones de arte
9 (RLIN) 26198
650 14 - PUNTO DE ACCESO ADICIONAL DE MATERIA--TÉRMINO DE MATERIA
Término de materia o nombre geográfico como elemento de entrada Arte indígena
Subdivisión de forma Exposiciones
Subdivisión geográfica México
9 (RLIN) 2095
650 14 - PUNTO DE ACCESO ADICIONAL DE MATERIA--TÉRMINO DE MATERIA
Término de materia o nombre geográfico como elemento de entrada Arte indígena
Subdivisión de forma Exposiciones
Subdivisión geográfica América Central
9 (RLIN) 26199
650 14 - PUNTO DE ACCESO ADICIONAL DE MATERIA--TÉRMINO DE MATERIA
Término de materia o nombre geográfico como elemento de entrada Arte indígena
Subdivisión de forma Exposiciones
Subdivisión geográfica Latinoamérica
9 (RLIN) 26200
651 #4 - PUNTO DE ACCESO ADICIONAL DE MATERIA--NOMBRE GEOGRÁFICO
Nombre geográfico México
Subdivisión de forma Obras pictóricas
Subdivisión general Antigüedades
9 (RLIN) 26201
651 #4 - PUNTO DE ACCESO ADICIONAL DE MATERIA--NOMBRE GEOGRÁFICO
Nombre geográfico América Central
Subdivisión de forma Obras pictóricas
Subdivisión general Antigüedades
9 (RLIN) 26202
651 #4 - PUNTO DE ACCESO ADICIONAL DE MATERIA--NOMBRE GEOGRÁFICO
Nombre geográfico Latinoamerica
Subdivisión de forma Obras pictóricas
Subdivisión general Antigüedades
9 (RLIN) 26203
700 1# - PUNTO DE ACCESO ADICIONAL--NOMBRE DE PERSONA
Nombre de persona Lothrop, S. K.
Fechas asociadas al nombre 1892-1965
Forma completa/desarrollada del nombre (Samuel Kirkland),
9 (RLIN) 26204
700 1# - PUNTO DE ACCESO ADICIONAL--NOMBRE DE PERSONA
Nombre de persona Foshag, W.F.
9 (RLIN) 26205
700 1# - PUNTO DE ACCESO ADICIONAL--NOMBRE DE PERSONA
Nombre de persona Mahler, Joy
9 (RLIN) 26206
710 2# - PUNTO DE ACCESO ADICIONAL--NOMBRE DE ENTIDAD CORPORATIVA
Nombre de entidad corporativa o nombre de jurisdicción como elemento de entrada National Gallery of Art (U.S.)
9 (RLIN) 26207
902 ## - CATALOGADOR
Iniciales GRL
942 ## - ELEMENTOS DE PUNTO DE ACCESO ADICIONAL (KOHA)
Fuente del sistema de clasificación o colocación Library of Congress Classification
Tipo de ítem Koha Libros
Holdings
Estado de retiro Estado de pérdida Estado dañado No para préstamo Localización permanente Ubicación/localización actual Fecha de adquisición Número de inventario Total de préstamos Signatura topográfica completa Código de barras Fecha visto por última vez Precio válido a partir de Tipo de ítem Koha
El ejemplar forma parte de la colección y puede ser consultado según las políticas vigentes.       Biblioteca Centro de Estudios Ruth D. Lechuga Biblioteca Centro de Estudios Ruth D. Lechuga 03/12/2013 Au1431   E59.A7 .B55 1957 (Au1431) GRL01350 22/03/2019 22/03/2019 Libros